Clyde and Strathnairn (Record no. 438115)

000 -LEADER
fixed length control field 00458cam a22001457a 4500
008 - FIXED-LENGTH DATA ELEMENTS--GENERAL INFORMATION
fixed length control field 180718b1891 xxu||||| |||| 00| 0 eng d
082 ## - DEWEY DECIMAL CLASSIFICATION NUMBER
Classification number A6x54 R861/C629
100 ## - MAIN ENTRY--PERSONAL NAME
Personal name Burne, Owen Tudor
245 ## - TITLE STATEMENT
Title Clyde and Strathnairn
Statement of responsibility, etc. by Owen Tudor Burne
260 ## - PUBLICATION, DISTRIBUTION, ETC.
Place of publication, distribution, etc. Oxford
Name of publisher, distributor, etc. Clarendon Press
Date of publication, distribution, etc. 1891
300 ## - PHYSICAL DESCRIPTION
Extent 194+p.
440 ## - SERIES STATEMENT/ADDED ENTRY--TITLE
Title Rulers of India
650 ## - SUBJECT ADDED ENTRY--TOPICAL TERM
Topical term or geographic name entry element Strathnairn, Hugh Henry Rose, 1st baron, 1801-1885
650 ## - SUBJECT ADDED ENTRY--TOPICAL TERM
Topical term or geographic name entry element Clyde, Colin Campbell, Baron, 1792-1863
Holdings
Withdrawn status Lost status Damaged status Not for loan Permanent Location Current Location Date acquired Full call number Barcode Date last seen Price effective from Koha item type
        Indian Institute of Public Administration Indian Institute of Public Administration 2010-04-02 A6x54 R861/C629 3361 2018-07-21 2018-07-21 Book

Powered by Koha